000 00911nam a2200253Ia 4500
003 OSt
005 20220923221043.0
006 a|||||r|||| 00| 0
007 ta
008 220922b |||||||| |||| 00| 0 hin d
024 _a194,449
037 _cTextual
040 _aARTS
_cARTS
_bhin
041 _2hin
_ahin
082 _aO152,3:gN, N0
100 _aपुष्करणा, सतीशराज, संपा.
245 0 _aहिन्दी लघुकथा
_b सर्जना एवं समीक्षा
246 _aHindī laghukathā: sarjanā evan samīkṣhā
260 _aनई दिल्ली
_b अयन प्रका0
_c1990
300 _a144पृ.
_ccm.
650 _aहिन्दी साहित्य
_9156264
942 _hO152,3:gN, N0
_cTEXL
_2CC
999 _c346713
_d346713